| 000 | 00799na a2200277 4500 | ||
|---|---|---|---|
| 001 | 14587 | ||
| 003 | MIRAKIL | ||
| 005 | 20181213155310.0 | ||
| 008 | 160829b tu 000 0 | ||
| 020 | _a9756176870 | ||
| 035 | _a14587 | ||
| 040 |
_aMilas _btur _cTR-AnCHP |
||
| 082 |
_a320.1 _bP63d 2007 |
||
| 090 | _a320.1 P63d 2007 | ||
| 100 | _aPoggi, Gıanfranco | ||
| 245 |
_aDevlet _bdoğası, gelişimi ve geleceği _cGianfranco Poggi ; çeviren Aysun Babacan |
||
| 260 |
_aİstanbul _bİstanbul Bilgi Üniversitesi Yayınları _c2007 |
||
| 300 |
_a276 s. _c23 sm. |
||
| 490 |
_aİstanbul Bilgi Üniversitesi yayınları _v164 |
||
| 490 |
_aSosyoloji _v5 |
||
| 500 | _aDizin var. | ||
| 650 |
_aDevlet _xTarih |
||
| 650 | _aDemokrasi | ||
| 700 | _aBabacan, Aysun | ||
| 942 |
_2ddc _cBKS |
||
| 999 |
_c10190 _d10190 |
||